000 00843nam a2200265 i 4500
001 bg
100 1 _aRÓŻYCKI, Marek
245 1 0 _aLaboratorium napędów przekształtnikowych /
_cMarek Różycki ; Politechnika Lubelska.
250 _aWyd. 3.
260 _aLublin :
_bWydawnictwa Uczelniane PL,
_c1997.
300 _a183 s. :
_brys., wykr. ;
_c24 cm.
500 _aU góry okł. nazwa przedmiotu : Elektrotechnika.
504 _aBibliogr. przy ćwiczeniach.
650 9 _aNapęd elektryczny
_xurządzenia
650 9 _aPrzekształtniki
655 _aPodręczniki akademickie
711 2 _aPolitechnika Lubelska (Lublin)
_eInst. sprawcza
020 _a8387270601
040 _cBPK
041 0 _apl
080 _a621.313:621.314](075.8)
920 _a83-87270-60-1
942 _cKS
008 s pl f |000 0 pol
999 _c32647
_d32647
856 _uhttp://koha.tu.koszalin.pl/cgi-bin/koha/opac-detail.pl?biblionumber=32647
_yKatalog online BPK